Les équipes de Football qui ont réalisé le triplé en une saison - Statistiques

Statistiques générales
  • Ce quiz a été pris 197 fois
  • Le résultat moyen est 8 sur 10
Statistiques - réponses
Saison Club % Correct
(2008-2009) FC Barcelone
99%
(2014-2015) FC Barcelone
99%
(2021-2022) Manchester City
95%
(2012-2013) Bayern Munich
94%
(2019-2020) Bayern Munich
94%
(2009-2010) Inter Milan
88%
(1998-1999) Manchester United
84%
(1971-1972) Ajax Amsterdam
71%
(1966-1967) Celtic Glasgow
47%
(1987-1988) PSV Eindhoven
42%
Aucun quiz correspondant
Distribution des résultats
% des personnes avec chaque résultat
Percentile par nombre de réponses
Votre historique - résultats
Vous n’avez pas pris ce quiz